| 000 | 00372 a2200145 4500 | ||
|---|---|---|---|
| 001 | 167949 | ||
| 020 | _a | ||
| 040 | _cMagnum | ||
| 100 | _aCamargo, Maria Ligia Marcondes de | ||
| 240 | 1 | 0 |
_aMusica/movimento: um universo em duas dimensoes _lpor |
| 245 | 1 | 0 | _aMusica/movimento: um universo em duas dimensoes |
| 362 | 0 | _a1899 | |
| 697 | _aEDUCACAO FISICA | ||
| 942 | _cBK | ||
| 999 |
_c167949 _d167949 |
||